Państwa świata kończące się na literę „U” - Statystyki

Ogólne statystyki
  • Ten quiz został rozwiązany 402 razy
  • Średni wynik to 4 z 6
Statystyki odpowiedzi
Państwo % Poprawnych
Palau
69%
Nauru
68%
Tuvalu
67%
Vanuatu
67%
Peru
58%
Gwinea Bissau
32%
Nie znaleziono quizów pasujących do podanych kryteriów
Rozkład punktacji
Procent ludzi z każdym wynikiem
Percentyl według liczby udzielonych odpowiedzi
Twoja historia wyników
Nie rozwiązałeś tego quizu